Top Goalscorers for Atletico Madrid Since 2000 - Statistics

General Stats
  • This quiz has been taken 178 times
  • The average score is 17 of 26
Answer Stats
# Goals Years Nat. Answer % Correct
1 195 2014-'19, 2021- 🇫🇷 Antoine Griezmann
98%
10 47 2009- 🇪🇸 Koke
92%
4 91 2007-2011 🇺🇾 Diego Forlán
90%
2 129 2001-'07, 2015-'18 🇪🇸 Fernando Torres
90%
7 70 2011-2013 🇨🇴 Radamel Falcao
87%
3 102 2006-2011 🇦🇷 Sergio Agüero
85%
6 83 2010-'12, 2012-'14, 2018-'20 🇪🇸 🇧🇷 Diego Costa
82%
14 34 2020-2022 🇺🇾 Luis Suárez
82%
10 47 2015-'18, 2020-'23 🇧🇪 Yannick Carrasco
82%
19 27 2010-2019 🇺🇾 Diego Godin
77%
21 26 2024- 🇦🇷 Julián Alvarez
77%
9 48 2012-'13, 2014-'21, 2022-'24 🇪🇸 Saúl Ñíguez
77%
5 87 2015- 🇦🇷 Ángel Correa
76%
18 29 2000-2003 🇺🇾 Fernando Correa
75%
14 34 2019-2023 🇵🇹 João Félix
74%
8 58 2019-'20, 2022-'24 🇪🇸 Álvaro Morata
71%
23 22 2011-2015 🇹🇷 Arda Turan
64%
16 32 2019- 🇪🇸 Marcos Llorente
59%
24 20 2014-2015 🇭🇷 Mario Mandžukić
57%
25 19 2010-2017 🇵🇹 Tiago
49%
19 27 2016-2018 🇫🇷 Kevin Gameiro
44%
10 47 2007-'11, 2012-'15 🇪🇸 Raúl García
36%
16 32 2007-2011 🇵🇹 Simão
27%
13 45 2005-2010 🇦🇷 Maxi Rodríguez
25%
21 26 2011-2014 🇪🇸 Adrián López
21%
25 19 2000-2005 🇪🇸 Carlos Aguilera
4%
No matching quizzes found
Score Distribution
Percent of People with Each Score
Percentile by Number Answered
Your Score History
You have not taken this quiz